| 000 | 01006 a2200181 4500 | ||
|---|---|---|---|
| 003 | Nust | ||
| 005 | 20170207165241.0 | ||
| 035 | _a(WaSeSS)ssj0000071658 | ||
| 040 | _cNust | ||
| 100 | 1 | _aSteinberg, Dave S. | |
| 245 | 1 | 0 |
_aCooling techniques for electronic equipment (E Book) _h[Elektronisk resurs] |
| 260 | _c1991 | ||
| 500 | _aE Book | ||
| 650 | 4 | _aElectrical Engineering | |
| 655 | 4 | _aElectronic books | |
| 856 | 4 | 0 | _uhttp://sfxeu10.hosted.exlibrisgroup.com/sfxjon/?url_ver=Z39.88-2004&ctx_ver=Z39.88-2004&ctx_enc=info:ofi/enc:UTF-8&rfr_id=info:sid/sfxit.com:opac_856&url_ctx_fmt=info:ofi/fmt:kev:mtx:ctx&sfx.ignore_date_threshold=1&rft.object_id=1000000000696172&svc_val_fmt=info:ofi/fmt:kev:mtx:sch_svc& |
| 856 | 4 | 0 | _uhttp://sfxeu10.hosted.exlibrisgroup.com/sfxkth?url_ver=Z39.88-2004&ctx_ver=Z39.88-2004&ctx_enc=info:ofi/enc:UTF-8&rfr_id=info:sid/sfxit.com:opac_856&url_ctx_fmt=info:ofi/fmt:kev:mtx:ctx&sfx.ignore_date_threshold=1&rft.object_id=1000000000696172&svc_val_fmt=info:ofi/fmt:kev:mtx:sch_svc& |
| 942 |
_2ddc _cBK |
||
| 999 |
_c211221 _d211221 |
||